[Event "WY BU16 2012"]
[Site "Maribor SLO"]
[Date "2012.11.11"]
[Round "4.42"]
[White "Zhang,Roy Yinian"]
[Black "Yezhel,Valiantsin"]
[Result "0-1"]
[WhiteElo "1901"]
[BlackElo "2047"]

1.Nf3 Nf6 2.c4 g6 3.Nc3 Bg7 4.e4 d6 5.d4 O-O 6.Be2 e5 7.O-O Qe8 8.d5 a5 9.Ne1 Na6
10.Rb1 Nd7 11.a3 f5 12.b4 axb4 13.axb4 Nf6 14.f3 f4 15.c5 g5 16.cxd6 cxd6
17.Na4 Qd8 18.b5 Nc5 19.Nxc5 Qb6 20.Nd3 dxc5 21.Nxe5 c4+ 22.Kh1 Nh5 23.Ng4 Bxg4
24.Qe1 Ng3+ 25.hxg3 Bd4  0-1

[Event "WY GU16 2012"]
[Site "Maribor SLO"]
[Date "2012.11.11"]
[Round "4.21"]
[White "Navrotescu,A"]
[Black "Torres Rosas,R"]
[Result "0-1"]
[WhiteElo "2133"]
[BlackElo "1807"]

1.d4 Nf6 2.c4 g6 3.Nc3 Bg7 4.e4 d6 5.Nf3 O-O 6.Be2 Nbd7 7.O-O e5 8.Re1 Re8
9.d5 Nh5 10.b4 Bf8 11.a4 a5 12.Ba3 Ng7 13.bxa5 Rxa5 14.Nd2 f5 15.Nb3 Ra8
16.a5 f4 17.Bb4 g5 18.Qc2 h5 19.Nb5 Nc5 20.Nxc5 dxc5 21.Bc3 g4 22.g3 Bd6
23.Bd1 Qg5 24.Qd2 h4 25.Ba4 Rf8 26.gxf4 Rxf4 27.Re3 Nh5 28.Qe1 Rf3 29.Bd1 Nf4
30.Kh1 Nd3 31.Bxf3 Nxe1 32.Raxe1 Qf4 33.Rg1 Kh7 34.Bd1 Qxf2 35.Ree1 Qf4 36.Rgf1 Qg5
37.Rf7+ Kg8 38.Rf2 g3 39.Rb2 Bh3 40.Bd2 Qg6 41.Bc3 Rf8 42.hxg3 hxg3 43.Rg1 Qxe4+  0-1

[Event "CBX IM Salvador 2012"]
[Site "Salvador BRA"]
[Date "2012.11.11"]
[Round "6.2"]
[White "De Oliveira,Hebert Silva"]
[Black "Perdomo,L"]
[Result "0-1"]
[WhiteElo "2140"]
[BlackElo "2385"]

1.d4 Nf6 2.c4 g6 3.Nc3 Bg7 4.e4 d6 5.Nf3 O-O 6.Be2 Nbd7 7.O-O e5 8.Re1 c6
9.Bg5 a5 10.Qd2 a4 11.Rad1 Qa5 12.Bf1 Re8 13.d5 cxd5 14.Nxd5 Nxd5 15.Qxd5 Bf8
16.Qxa5 Rxa5 17.Bd2 Rc5 18.Be3 Rc6 19.Nd2 Nc5 20.Bxc5 Rxc5 21.Re3 f5 22.f3 Bd7
23.Rc3 Rc7 24.Bd3 Rec8 25.Nb1 Kf7 26.Kf2 Kf6 27.Rdc1 Bc6 28.Ke2 h5 29.R3c2 Bh6
30.Rd1 h4 31.Nc3 Bf4 32.h3 b6 33.Ra1 Ra7 34.Kd1 Be3 35.Ke2 Bd4 36.Rf1 Kg5
37.Ke1 Rf7 38.Rc1 a3 39.b3 Kf4 40.exf5 gxf5 41.Ne2+ Kg5 42.Nxd4 exd4 43.f4+ Kf6
44.Kf2 Rg8 45.Rg1 Rg3 46.Rcd1 Re7 47.Rd2 Be4 48.Be2 d3 49.Bf3 Reg7 50.Re1 Rxg2+
51.Bxg2 Rxg2+ 52.Ke3 Rg3+ 53.Kd4 Rxh3 54.Rf1 Rg3 55.Rff2 h3 56.Rh2 Rg2 57.Kc3 Rxd2
58.Kxd2 Bg2 59.Kxd3 Kg6 60.Kc3 Kh5 61.Kb4 Kg4 62.Kxa3 Kxf4 63.Kb4 Kg3 64.Rxh3+ Kxh3
65.Kb5 f4  0-1

[Event "WY BU14 2012"]
[Site "Maribor SLO"]
[Date "2012.11.12"]
[Round "5.24"]
[White "Gu,Christopher"]
[Black "Thybo,Jesper Sondergaard"]
[Result "1-0"]
[WhiteElo "2283"]
[BlackElo "2001"]

1.Nf3 Nf6 2.c4 g6 3.Nc3 Bg7 4.e4 d6 5.d4 O-O 6.Be2 e5 7.O-O exd4 8.Nxd4 Re8
9.f3 c6 10.Nc2 Nh5 11.g4 Nf6 12.Kg2 Na6 13.Bf4 d5 14.cxd5 cxd5 15.exd5 b6
16.Bb5 Nd7 17.Bc6 Rb8 18.Bxb8 Naxb8 19.Re1 Be5 20.Nb5 Qh4 21.f4 Nf6 22.Qf3 Nxg4
23.Qg3  1-0

[Event "WY BU16 2012"]
[Site "Maribor SLO"]
[Date "2012.11.12"]
[Round "5.32"]
[White "Ajeet Singh,Roshan"]
[Black "Cukrowski,F"]
[Result "0-1"]
[WhiteElo "2016"]
[BlackElo "2161"]

1.d4 Nf6 2.Nf3 g6 3.c4 Bg7 4.Nc3 O-O 5.e4 d6 6.Be2 Nbd7 7.O-O e5 8.Re1 Re8
9.Bf1 exd4 10.Nxd4 c6 11.Bg5 h6 12.Bh4 Qc7 13.Rc1 a5 14.f3 Nh5 15.Bf2 Ne5
16.a3 Qe7 17.b4 axb4 18.axb4 Nf4 19.Be3 Ne6 20.Kh1 Nxd4 21.Bxd4 Be6 22.c5 dxc5
23.Bxc5 Qh4 24.Qc2 Ra3 25.Bf2 Qh5 26.Be2 Qg5 27.Na4 Ra2 28.h4 Qd8  0-1

[Event "WY BU18 2012"]
[Site "Maribor SLO"]
[Date "2012.11.12"]
[Round "5.11"]
[White "Hasenohr,B"]
[Black "Tomazini,Z"]
[Result "0-1"]
[WhiteElo "2196"]
[BlackElo "2368"]

1.Nf3 Nf6 2.c4 g6 3.Nc3 Bg7 4.d4 O-O 5.e4 d6 6.Be2 Na6 7.O-O e5 8.Re1 Qe8
9.Bf1 Bg4 10.d5 Nb4 11.Be2 a5 12.Be3 Na6 13.h3 Bd7 14.Nd2 Kh8 15.g4 Ng8 16.f3 f5
17.Kg2 Qe7 18.Rh1 Bh6 19.Bf2 Rf7 20.Nf1 Raf8 21.Be1 Nc5 22.Ng3 Be3 23.Qc2 Nf6
24.Rh2 fxe4 25.Ncxe4 Nfxe4 26.fxe4 Bf2 27.Kh1 Qh4 28.Qc3 Na4 29.Qb3 Nc5 30.Qc3 Qxg3
31.Qxg3 Bxg3 32.Bxg3 Nxe4 33.Be1 b6 34.Kg2 Rf4 35.Rd1 Nf2 36.Rc1 Ne4 37.Rd1 Kg8
38.Rd3 g5 39.Re3 Be8 40.h4 Bd7 41.Bg3 Nxg3 42.Kxg3 gxh4+ 43.Rxh4 R8f7 44.b3 Rg7
45.Kh3 Rg5 46.Kg3 Kg7 47.Bf3 Be8 48.Re2 h5 49.Reh2 Bg6 50.Be2 Rd4 51.R4h3 b5
52.cxb5 hxg4 53.Rh8 Rd2 54.Rc8 Rc2 55.Bc4 Rc3+ 56.Kg2 Be4+ 57.Kg1 Rc1+ 58.Bf1 g3
59.Rhh8 g2 60.Rcg8+ Kf6 61.Rf8+ Kg6 62.Rfg8+ Kf5  0-1

[Event "WY GU16 2012"]
[Site "Maribor SLO"]
[Date "2012.11.12"]
[Round "6.28"]
[White "Franca,Veronika"]
[Black "Torres Rosas,R"]
[Result "1/2-1/2"]
[WhiteElo "1979"]
[BlackElo "1807"]

1.d4 Nf6 2.c4 g6 3.Nc3 Bg7 4.e4 d6 5.Nf3 O-O 6.Be2 Nbd7 7.O-O e5 8.Qc2 Re8
9.Rd1 Qe7 10.Bg5 c6 11.d5 h6 12.dxc6 bxc6 13.Bc1 Nb6 14.b4 Ba6 15.b5 cxb5
16.cxb5 Bb7 17.Ba3 Red8 18.Nd2 Rac8 19.Qb3 Qe8 20.Rac1 d5 21.exd5 Nfxd5 22.Nde4 Nxc3
23.Nxc3 e4 24.Rxd8 Rxd8 25.Rd1 Rc8 26.Nb1 Qe5 27.Bd6 Qg5 28.Bg3 Bd5 29.Qa3 Rc2
30.Qxa7 Rxa2 31.Qxb6 Rxe2 32.h4 Qf6 33.Qxf6 Bxf6 34.Rxd5 Re1+ 35.Kh2 Rxb1
36.Rc5 Rb2 37.Rc8+ Kg7 38.Re8  1/2-1/2

[Event "WY GU18 2012"]
[Site "Maribor SLO"]
[Date "2012.11.12"]
[Round "6.24"]
[White "Mendez Tovar,Jessica Yissel"]
[Black "Krumova,A"]
[Result "0-1"]
[WhiteElo "1889"]
[BlackElo "2050"]

1.d4 Nf6 2.c4 g6 3.Nc3 Bg7 4.e4 d6 5.Nf3 O-O 6.Be2 Na6 7.O-O e5 8.d5 Nc5
9.Qc2 a5 10.Ne1 Ne8 11.Be3 f5 12.f3 Nf6 13.a3 b6 14.Rb1 a4 15.Nd3 Bd7 16.Nb4 Qe7
17.Nc6 Bxc6 18.dxc6 fxe4 19.fxe4 Ne6 20.Nd5 Qe8 21.Rf2 Nxd5 22.cxd5 Rxf2
23.Bxf2 Nd4 24.Bxd4 exd4 25.Bb5 Qe5 26.Bxa4 d3 27.Qd1 Qd4+ 28.Kh1 Rxa4 29.Qg4 Ra8
30.Rd1 Re8 31.Qd7 Qxe4  0-1

[Event "22nd World Seniors Open"]
[Site "Kamena Vourla GRE"]
[Date "2012.11.14"]
[Round "2.28"]
[White "Schouten,N"]
[Black "Belokopyt,B"]
[Result "1-0"]
[WhiteElo "2227"]
[BlackElo "1962"]

1.d4 Nf6 2.c4 g6 3.Nc3 Bg7 4.e4 d6 5.Nf3 O-O 6.Be2 e5 7.O-O Nbd7 8.d5 a5
9.Ne1 Nc5 10.f3 Ne8 11.Nd3 b6 12.Be3 f5 13.a3 f4 14.Bf2 Nf6 15.b4 Nxd3 16.Bxd3 Bd7
17.c5 axb4 18.axb4 bxc5 19.bxc5 Rxa1 20.Qxa1 Qa8 21.c6 Qxa1 22.Rxa1 Bc8 23.Ra7 g5
24.Rxc7 g4 25.Nb5 gxf3 26.Nxd6 Bg4 27.h3 Bh5 28.Nf5 Ne8 29.Rd7 Rf7 30.d6 Kf8
31.Rxf7+ Bxf7 32.d7 Bf6 33.Bc5+ Kg8 34.Ne7+  1-0

[Event "WY BU16 2012"]
[Site "Maribor SLO"]
[Date "2012.11.14"]
[Round "7.20"]
[White "Kowsarinia,A"]
[Black "Radovanovic,Nik"]
[Result "1-0"]
[WhiteElo "2262"]
[BlackElo "2170"]

1.d4 Nf6 2.c4 g6 3.Nc3 Bg7 4.e4 d6 5.Nf3 O-O 6.Be2 e5 7.O-O Nbd7 8.Be3 Qe7
9.Qc2 c6 10.Rad1 b6 11.b4 Bb7 12.dxe5 dxe5 13.Qb1 Ng4 14.Bg5 f6 15.Bc1 Rfd8
16.c5 Nh6 17.Nd2 Rab8 18.cxb6 axb6 19.Nc4 b5 20.Na5 Ba8 21.Be3 Nf7 22.Bg4 Bh6
23.Ba7 Rbc8 24.Bc5 Nxc5 25.Bxc8 Rxc8 26.bxc5 Qxc5 27.Qb3 Qe7 28.Rd3 Kg7 29.Rfd1 Rc7
30.a4 b4 31.Ne2 c5 32.Qc4 Kh8 33.Nb3 Bf8 34.Ng3 Bc6 35.Ra1 Nd6 36.Qxc5 Nxe4
37.Qxe7 Bxe7 38.Nxe4 Bxe4 39.Re3 Ba8 40.a5 e4 41.a6 f5 42.Ree1 Bf6 43.Rec1 Bc3
44.a7 Kg7 45.Ra6 Kf7 46.g3 g5 47.Nd4 Rc5 48.Ne6 Rd5 49.Nc7 Rd8 50.Rb6 e3
51.Rb8 Rd7 52.Rxa8 exf2+ 53.Kf1 Rxc7 54.Rf8+ Kxf8 55.a8=Q+ Kf7 56.Qa5 Re7
57.Qxf5+ Ke8 58.Qc8+ Kf7 59.Kxf2 Kg7 60.Kg2 Re2+ 61.Kh1 Re7 62.Rf1 Bf6 63.Qf5 Rf7
64.Qb5  1-0

[Event "WY GU18 2012"]
[Site "Maribor SLO"]
[Date "2012.11.14"]
[Round "7.2"]
[White "Chumpitaz,A"]
[Black "Asgarizadeh,M"]
[Result "1/2-1/2"]
[WhiteElo "2219"]
[BlackElo "2106"]

1.d4 Nf6 2.c4 g6 3.Nc3 Bg7 4.e4 d6 5.Nf3 O-O 6.Be2 e5 7.O-O Nbd7 8.d5 Nc5
9.Qc2 a5 10.Be3 b6 11.Nd2 Nfd7 12.f3 f5 13.b3 Nf6 14.a3 fxe4 15.Ncxe4 Ncxe4
16.Nxe4 Nxe4 17.fxe4 Qh4 18.Rxf8+ Bxf8 19.g3 Qh3 20.Qd2 Bg4 21.Bf1 Qh5 22.a4 Bh3
23.Bxh3 Qxh3 24.Qg2 Qd7 25.h3 Be7 26.Rf1 Rf8 27.Rxf8+ Bxf8 28.Kh2 Qf7 29.Qe2 Bg7
30.Kg2 Qf8 31.Qg4 Bf6 32.h4 Qe8 33.h5 Bd8 34.Qc8 Kf7 35.h6 Qe7 36.Bd2 Ke8
37.Qa8 Kf7 38.Qc8 Ke8 39.Qg4 Qd7 40.Qe2 Kf7 41.Qf3+ Kg8 42.Be3 Qf7 43.Qg4 Qe7
44.Kf3 Kf7 45.Ke2 Ke8 46.Qf3 Qf6 47.Qh1 Qf7 48.Kd3 Qd7 49.Ke2 Qg4+ 50.Qf3 Qxf3+
51.Kxf3 Kf7 52.Kg4 Be7 53.Bd2 Bd8 54.Bc3 Be7 55.c5 Bd8 56.c6 Bf6 57.b4 axb4
58.Bxb4 Bd8 59.a5 bxa5 60.Bxa5 Kf6 61.Bd2 Kf7 62.Kf3 Be7 63.Ba5 Bd8 64.Ke2 g5
65.Kf3 Kf6 66.Kg4 Kg6 67.Be1 Bf6 68.Bc3 Be7 69.Bb4 Bd8 70.Ba5 Kxh6 71.Kf5 Kg7
72.Ke6 h5 73.Kd7 h4 74.gxh4 gxh4 75.Kxd8 h3 76.Bxc7 h2 77.Bxd6 h1=Q 78.c7 Qh4+
79.Kd7 Qh3+ 80.Ke7 Qh4+ 81.Kd7 Qh3+ 82.Kd8 Qh4+ 83.Kd7 Qh3+ 84.Kc6 Qc8 85.Bxe5+ Kf7
86.d6 Ke8 87.Bd4 Qd7+  1/2-1/2

[Event "WY GU16 2012"]
[Site "Maribor SLO"]
[Date "2012.11.15"]
[Round "8.11"]
[White "Chiang,S"]
[Black "Lasya,G"]
[Result "1-0"]
[WhiteElo "2088"]
[BlackElo "1961"]

1.d4 Nf6 2.c4 g6 3.Nc3 d6 4.e4 Bg7 5.Be2 O-O 6.Nf3 e5 7.d5 a5 8.Bg5 h6 9.Bh4 Na6
10.Nd2 Bd7 11.a3 Qe8 12.b3 Nh7 13.O-O h5 14.f3 Bh6 15.Qc2 Nc5 16.Rab1 Bg5
17.Bf2 Qe7 18.b4 axb4 19.axb4 Na4 20.Ra1 Nxc3 21.Qxc3 Bf4 22.Kh1 h4 23.c5 Qg5
24.Nc4 Rxa1 25.Rxa1 Nf6 26.Qe1 Qh6 27.cxd6 cxd6 28.Nxd6 Bd2 29.Qd1 Nh5 30.Nxb7 Bxb4
31.Nc5 Bxc5 32.Bxc5 Rb8 33.Qc1 g5 34.Be3 Rc8 35.Qd2 Nf4 36.Ra5 Qg7 37.Ra7 Rd8
38.Bc4 Qf6 39.Rb7 Ra8 40.Qb2 h3 41.Bxf4 Qxf4 42.Rb8+ Rxb8 43.Qxb8+ Kh7 44.Qb2 hxg2+
45.Qxg2 f5 46.Be2 fxe4 47.fxe4 g4 48.Bd3 Kg7 49.Qg3 Qc1+ 50.Kg2 Qd2+ 51.Kg1 Qd1+
52.Kf2 Qd2+ 53.Be2 Qg5 54.h3 Kf6 55.Bxg4 Qd2+ 56.Kg1 Qc1+ 57.Kg2 Bb5 58.Qh4+ Qg5
59.Qxg5+ Kxg5 60.Kg3 Bd3 61.h4+ Kf6 62.Bf5 Be2 63.Kf2 Bh5 64.Ke3 Ke7 65.Kd3 Kd6
66.Kc4 Be2+ 67.Kc3 Bh5 68.Kd2 Ke7 69.Ke3 Kd6 70.Kf2 Ke7 71.Kg3 Kf6 72.d6 Bd1
73.Kf2 Bh5 74.Ke3 Kf7 75.Kd3 Ke8 76.Kc4 Bf7+ 77.Kc5 Kd8 78.Kc6 Be8+  1-0

[Event "WY BU16 2012"]
[Site "Maribor SLO"]
[Date "2012.11.15"]
[Round "8.24"]
[White "Kumsiashvili,N"]
[Black "Olund,Joar"]
[Result "0-1"]
[WhiteElo "2100"]
[BlackElo "2175"]

1.d4 g6 2.c4 Nf6 3.Nc3 Bg7 4.e4 d6 5.Nf3 O-O 6.Be2 Nbd7 7.O-O e5 8.d5 a5
9.Ne1 Nc5 10.f3 Nh5 11.Be3 f5 12.Qd2 f4 13.Bf2 Nf6 14.b3 g5 15.Rb1 g4 16.Kh1 g3
17.Bg1 Nh5 18.Bd1 gxh2 19.Bf2 Bf6 20.a3 Bh4 21.Bxh4 Qxh4 22.Ne2 Bd7 23.b4 axb4
24.axb4 Ra3 25.Nc2 Nxe4 26.fxe4 f3 27.gxf3 Raxf3 28.Rxf3 Rxf3 29.Ne3 Rf2
30.Qd3 Qf4  0-1

[Event "22nd World Seniors Open"]
[Site "Kamena Vourla GRE"]
[Date "2012.11.16"]
[Round "4.5"]
[White "Timoscenko,G"]
[Black "Rantanen,Y"]
[Result "1/2-1/2"]
[WhiteElo "2490"]
[BlackElo "2346"]

1.d4 Nf6 2.c4 g6 3.Nc3 Bg7 4.e4 d6 5.Nf3 O-O 6.Be2 e5 7.Be3 exd4 8.Nxd4 Re8
9.f3 c6 10.Qd2 d5 11.exd5 cxd5 12.O-O Nc6 13.Rad1 Nxd4 14.Bxd4 dxc4 15.Bxc4 Be6
16.Bb5 Rf8 17.Qf2 Qa5 18.Qh4 Nh5 19.Bxg7 Nxg7 20.Qa4 Qb6+ 21.Qd4 Qxd4+ 22.Rxd4 Nf5
23.Rd2 Rfd8 24.Rfd1 Rxd2 25.Rxd2 Kf8 26.Kf2 Ke7 27.a3 Rd8 28.Rxd8 Kxd8  1/2-1/2

[Event "I Cerrado Ciutat De Manresa"]
[Site "Manresa ESP"]
[Date "2012.11.16"]
[Round "4.3"]
[White "Monell Camarasa,D"]
[Black "Albets Armengol,R"]
[Result "1-0"]
[WhiteElo "2259"]
[BlackElo "2147"]

1.d4 g6 2.c4 Bg7 3.Nc3 Nf6 4.e4 d6 5.Nf3 O-O 6.Be2 Na6 7.O-O e5 8.dxe5 dxe5
9.Qxd8 Rxd8 10.Bg5 Re8 11.Rad1 h6 12.Be3 c6 13.h3 Nh5 14.c5 Nc7 15.Nd2 Nf4
16.Bc4 Nce6 17.g3 Nxh3+ 18.Kg2 Nef4+ 19.Kh2 g5 20.f3 Ng6 21.Bb3 g4 22.fxg4 Bxg4
23.Bxf7+ Kh7 24.Bxe8 Rxe8 25.Rde1 Ng5 26.Bxg5 hxg5 27.Rf7 Rd8 28.Nb3 b6 29.Ref1 bxc5
30.Rxa7 Kg8 31.Rf2 Bf8 32.Rd2 Re8 33.Na5 Re6 34.Rc7 Ne7 35.Nc4 Rh6+ 36.Kg2 Ng6
37.a4 Bh3+ 38.Kg1 Bg4 39.Rh2 Bh3 40.Rxc6 g4 41.Rf2 Be7 42.Nxe5 Nxe5 43.Rxh6 Bg5
44.Rh5  1-0

[Event "WY GU18 2012"]
[Site "Maribor SLO"]
[Date "2012.11.16"]
[Round "9.32"]
[White "Misiuk,I"]
[Black "Mendez Tovar,Jessica Yissel"]
[Result "1/2-1/2"]
[WhiteElo "1685"]
[BlackElo "1889"]

1.d4 Nf6 2.Nf3 g6 3.c4 Bg7 4.Nc3 O-O 5.e4 d6 6.Be2 e5 7.d5 Nbd7 8.Bg5 h6
9.Bh4 a5 10.Nd2 Nc5 11.b3 Bd7 12.a3 g5 13.Bg3 Qc8 14.b4 axb4 15.axb4 Rxa1
16.Qxa1 Na6 17.Qb1 Nh7 18.f3 f5 19.Bf2 g4 20.c5 Rf6 21.Bxa6 bxa6 22.c6 Be8
23.exf5 Rxf5 24.fxg4 Rf4 25.h3 Bf7 26.Be3 Qe8 27.Qb3 Bg6 28.Bxf4 exf4+ 29.Ne2 Ng5
30.Kf2 Qf7 31.Rd1 h5 32.h4 Ne4+ 33.Nxe4 Bxe4 34.g5 Qf5 35.Qh3 Qe5 36.Qc8+ Kh7
37.Qxc7 Bc2 38.Re1 Qe3+ 39.Kf1 f3 40.Qf7 fxe2+ 41.Rxe2 Bd3 42.Qf3 Bxe2+ 43.Qxe2 Qf4+
44.Qf2 Qc4+ 45.Qe2 Qf4+ 46.Qf2  1/2-1/2

[Event "WY BU16 2012"]
[Site "Maribor SLO"]
[Date "2012.11.17"]
[Round "10.48"]
[White "Jacobsen,Mad"]
[Black "Liu,Dennis"]
[Result "1-0"]
[WhiteElo "2019"]
[BlackElo "1909"]

1.c4 Nf6 2.d4 g6 3.Nc3 Bg7 4.e4 d6 5.Nf3 O-O 6.Be2 e5 7.d5 a5 8.Bg5 h6 9.Bh4 Na6
10.Nd2 Bd7 11.O-O Qe8 12.Nb5 Nh7 13.a3 h5 14.f3 Bh6 15.Nb3 b6 16.Rb1 f5 17.exf5 Be3+
18.Kh1 gxf5 19.Nc1 Qg6 20.Bf2 Bxf2 21.Rxf2 Kh8 22.Nd3 Nf6 23.Nc3 Rg8 24.Qd2 Rae8
25.b4 Qg7 26.Ne1 axb4 27.axb4 e4 28.fxe4 fxe4 29.Qd4 Re5 30.Nc2 Bg4 31.Ne3 Bxe2
32.Rxe2 Ng4 33.Nxg4 Qxg4 34.Qe3 Qg6 35.Rf2 Nb8 36.Ne2 Nd7 37.Rbf1 Nf6 38.Nf4 Qg5
39.h3 h4 40.Re1 Nh5 41.Nxh5 Qxh5 42.Qf4 Qg5 43.Qxg5 Rgxg5 44.Rfe2 Kg7 45.Rxe4 Kf6
46.Rf4+ Rgf5 47.Ref1 b5 48.Rxf5+ Rxf5 49.Rxf5+ Kxf5 50.cxb5 Ke5 51.g3 hxg3
52.Kg2 Kf4 53.b6 cxb6 54.b5 Ke5 55.Kxg3 Kxd5 56.h4 Ke4 57.h5 d5 58.h6 d4
59.h7 d3 60.h8=Q d2 61.Qh1+ Kd3 62.Qd1 Ke3 63.Kg2  1-0

[Event "WY GU18 2012"]
[Site "Maribor SLO"]
[Date "2012.11.17"]
[Round "10.27"]
[White "Badamkhand,Norovsambuu"]
[Black "Popadic,Mirjana"]
[Result "1-0"]
[WhiteElo "1920"]
[BlackElo "1598"]

1.d4 Nf6 2.c4 g6 3.Nc3 Bg7 4.e4 d6 5.Nf3 O-O 6.Be2 e5 7.dxe5 dxe5 8.Qxd8 Rxd8
9.Bg5 c6 10.Nxe5 Re8 11.O-O-O Nxe4 12.Nxe4 Bxe5 13.Bf3 Be6 14.b3 Nd7 15.Nd6 Bxd6
16.Rxd6 Ne5 17.Be2 Kg7 18.h3 f6 19.Be3 Nf7 20.Rd2 a5 21.a4 Rec8 22.f4 b5
23.Bc5 bxa4 24.bxa4 Rab8 25.Rb2 Bf5 26.g4 Be4 27.Rd1 Rxb2 28.Kxb2 Rb8+ 29.Kc3 Rb7
30.h4 h6 31.Rd4 f5 32.gxf5 gxf5 33.Rd1 Kf6 34.Rg1 Rb1 35.Rxb1 Bxb1 36.Bb6 Nd6
37.Bxa5 Nb7 38.Bb6 Ke6 39.a5 Nd6 40.a6 Nc8 41.Bc5 Kf6 42.a7 Nxa7 43.Bxa7 Be4
44.Bd4+ Kg6 45.Kb4 Bg2 46.Kc5 Be4 47.Kd6 Bg2 48.c5  1-0

[Event "WY BU16 2012"]
[Site "Maribor SLO"]
[Date "2012.11.17"]
[Round "10.2"]
[White "Wagner,De"]
[Black "Chigaev,M"]
[Result "1-0"]
[WhiteElo "2456"]
[BlackElo "2457"]

1.d4 Nf6 2.c4 g6 3.Nc3 Bg7 4.e4 d6 5.Nf3 O-O 6.Be2 e5 7.Be3 Na6 8.O-O Ng4
9.Bg5 Qe8 10.dxe5 dxe5 11.h3 f6 12.Bd2 Nh6 13.Be3 f5 14.Bxh6 Bxh6 15.exf5 Rxf5
16.Re1 Bg7 17.Bd3 Rf8 18.Re3 Nc5 19.Bc2 c6 20.Qd6 Ne6 21.Nxe5 Qd8 22.Rd1 Qxd6
23.Rxd6 Nf4 24.c5 Bh6 25.Bb3+ Kg7 26.Nd7 Nd5 27.Nxd5 Bxe3 28.Nxe3 Rd8 29.Ne5 Rxd6
30.cxd6 Kf6 31.d7 Bxd7 32.Nxd7+ Ke7 33.Nc5 b6 34.Ne4 a5 35.Bc2 a4 36.a3 b5
37.f4 Rd8 38.Kf2 Rd4 39.f5 b4 40.f6+ Kf7 41.axb4 Rxb4 42.Kf3 h6 43.Ng4 Rxb2
44.Bxa4 c5 45.Ne5+ Ke6 46.f7 Rb8 47.Be8 Rb3+ 48.Ke2 Rb2+ 49.Nd2  1-0

[Event "WY BU14 2012"]
[Site "Maribor SLO"]
[Date "2012.11.17"]
[Round "10.15"]
[White "Huber,Mart AUT"]
[Black "Azarya,J"]
[Result "0-1"]
[WhiteElo "2150"]
[BlackElo "2045"]

1.Nf3 Nf6 2.c4 g6 3.Nc3 Bg7 4.e4 d6 5.d4 O-O 6.Be2 Na6 7.O-O e5 8.Be3 Ng4
9.Bg5 Qe8 10.dxe5 dxe5 11.Qc1 h6 12.Bd2 Kh7 13.h3 Nf6 14.Be3 c6 15.Rd1 Qe7
16.c5 Nh5 17.Bxa6 bxa6 18.Rd6 Qb7 19.Qc2 Rb8 20.Rad1 Nf4 21.R1d2 Be6 22.Kh2 g5
23.Ne2 Nxe2 24.Rxe2 Qb5 25.b3 Rfe8 26.Red2 a5 27.Ng1 Bf8 28.R6d3 Qb4 29.f3 Kg8
30.g4 Rb5 31.Rc3 Reb8 32.Ne2 a4 33.bxa4 Ra5 34.Nc1 Rxa4 35.Nd3 Qa5 36.Nc1 Bxa2
37.Bf2 Bb1  0-1

[Event "11th Kheireddine Ameyar Mem 2012"]
[Site "Algiers ALG"]
[Date "2012.11.18"]
[Round "5.1"]
[White "Volkov,Sergey1"]
[Black "Haddouche,M"]
[Result "1/2-1/2"]
[WhiteElo "2577"]
[BlackElo "2440"]

1.d4 d6 2.Nf3 Nf6 3.c4 g6 4.Nc3 Bg7 5.e4 O-O 6.Be2 e5 7.Be3 exd4 8.Nxd4 Re8
9.f3 c6 10.Bf2 d5 11.exd5 cxd5 12.O-O Nc6 13.c5 Bf8 14.Kh1 Nh5 15.Qd2 Bd7
16.Rad1 Nxd4 17.Bxd4 Bc6 18.b4 b6 19.Bb5 Bxb5 20.Nxb5 Qd7 21.Nc3 bxc5 22.Bxc5 Bxc5
23.bxc5 Nf6 24.Nxd5 Nxd5 25.Qxd5 Qxd5 26.Rxd5 Rac8 27.Rc1 Re6 28.Kg1 Rc7
29.a4 Kf8 30.Kf2 Ke7 31.Rb1 Ra6 32.Rb4 Ra5 33.f4 Raxc5 34.Rxc5 Rxc5 35.Rb7+ Kf6
36.Rxa7 Ke6 37.Kg3 Rc4 38.Kg4 Rc2 39.Kh3 Rc3+ 40.g3 h5 41.Kh4 Kf6 42.Rb7 Ra3
43.Rb4 Kg7 44.h3 f6 45.g4 Kh6 46.g5+ fxg5+ 47.fxg5+ Kg7 48.Rb7+ Kg8 49.Ra7 Kf8
50.a5 Kg8 51.Ra6 Kg7 52.Ra8 Kh7 53.Ra7+ Kg8 54.Ra6 Kg7 55.Ra7+ Kg8 56.a6 Kh8
57.Rf7 Rxa6 58.Rf6 Ra4+ 59.Kg3 Kg7 60.Rf4 Ra3+ 61.Rf3 Ra5 62.h4 Ra4  1/2-1/2

[Event "TCh-HUN 2012-13"]
[Site "Budapest HUN"]
[Date "2012.11.18"]
[Round "4"]
[White "Banusz,T"]
[Black "To,N"]
[Result "1/2-1/2"]
[WhiteElo "2583"]
[BlackElo "2282"]

1.Nf3 Nf6 2.c4 g6 3.Nc3 Bg7 4.e4 d6 5.d4 O-O 6.Be2 e5 7.d5 a5 8.Bg5 h6 9.Bh4 Qe8
10.Nd2 Na6 11.O-O Bd7 12.b3 Kh7 13.a3 Ng8 14.f3 f5 15.Rb1 g5 16.Bf2 f4 17.b4 axb4
18.axb4 b6 19.Qb3 Nf6 20.Ra1 g4 21.fxg4 Bxg4 22.Bxg4 Nxg4 23.Nf3 Bf6 24.h3 h5
25.Ra4 Rg8 26.Qa3 Qg6 27.Kh1 Ne3 28.Rg1 Nc2 29.Qb3 Naxb4 30.Kh2 Rxa4 31.Qxa4 Qe8
32.Qb3 Qa8 33.Nb5 Rg7 34.Ne1 Nxe1 35.Bxe1 Na6 36.Qa3 Qc8 37.Bf2 Nc5 38.Qf3 Kh6
39.g3 fxg3+ 40.Bxg3 Qd8 41.Bf2  1/2-1/2

[Event "TCh-HUN 2012-13"]
[Site "Decs HUN"]
[Date "2012.11.18"]
[Round "4"]
[White "Eltigani,O"]
[Black "Tatar Kis,S"]
[Result "1/2-1/2"]
[WhiteElo "2295"]
[BlackElo "2370"]

1.d4 Nf6 2.c4 g6 3.Nc3 Bg7 4.e4 d6 5.Be2 O-O 6.Nf3 e5 7.Be3 exd4 8.Nxd4 Re8
9.f3 c6 10.Qd2 Nbd7 11.O-O a6 12.Rad1 d5 13.exd5 cxd5 14.cxd5 Nb6 15.Nc2 Bf5
16.Bd3 Nfxd5 17.Nxd5 Nxd5 18.Bxf5 Nxe3 19.Qxd8 Raxd8 20.Nxe3  1/2-1/2

[Event "TCh-HUN 2012-13"]
[Site "Decs HUN"]
[Date "2012.11.18"]
[Round "4"]
[White "Bakos,B"]
[Black "Veszpremi,A"]
[Result "1-0"]
[WhiteElo "2376"]
[BlackElo "2261"]

1.d4 Nf6 2.c4 g6 3.Nc3 Bg7 4.e4 d6 5.Nf3 O-O 6.Be2 e5 7.O-O exd4 8.Nxd4 Nc6
9.Nc2 Re8 10.f3 Nd7 11.Kh1 Nc5 12.Bd2 a5 13.Ne3 Nd4 14.Re1 f5 15.exf5 Nxf5
16.Bf1 Qh4 17.Nxf5 Bxf5 18.Be3 Be5 19.Bg1 Ne6 20.g4 Rf8 21.gxf5 Rxf5 22.c5 Nd4
23.Re4 Rf4 24.Rxf4 Qxf4 25.Nd5 Qxf3+ 26.Qxf3 Nxf3 27.Bc4 Kg7 28.Nxc7 Rc8
29.Ne6+ Kh8 30.Rd1 dxc5 31.b3  1-0

[Event "TCh-FIN SM 2012-13"]
[Site "Jyvaskyla FIN"]
[Date "2012.11.18"]
[Round "7.1"]
[White "Veingold,A"]
[Black "Novik,Ma"]
[Result "1/2-1/2"]
[WhiteElo "2470"]
[BlackElo "2446"]

1.d4 Nf6 2.c4 g6 3.Nc3 Bg7 4.e4 d6 5.Nf3 O-O 6.Be2 e5 7.O-O exd4 8.Nxd4 Re8
9.f3 c6 10.Kh1 Nbd7 11.Bg5 Qb6 12.Nb3 a5 13.Rb1 a4 14.Na1 a3  1/2-1/2

[Event "22nd World Seniors Open"]
[Site "Kamena Vourla GRE"]
[Date "2012.11.18"]
[Round "6.17"]
[White "Schouten,N"]
[Black "Batakovs,O"]
[Result "1/2-1/2"]
[WhiteElo "2227"]
[BlackElo "2109"]

1.d4 Nf6 2.c4 g6 3.Nc3 Bg7 4.e4 d6 5.Nf3 O-O 6.Be2 e5 7.O-O exd4 8.Nxd4 Nc6
9.Nxc6 bxc6 10.Bg5 Qe8 11.Qc2 Nd7 12.Rad1 Rb8 13.Bg4 Nc5 14.Bxc8 Qxc8 15.Be3 Qb7
16.Bxc5 dxc5 17.b3 Rbd8 18.Ne2 Qc8 19.Kh1 Qe6 20.f3 Qe7 21.f4 Bd4 22.Ng3 f6
23.e5 fxe5 24.f5 Rf6 25.fxg6 hxg6 26.Rxf6 Qxf6 27.Rf1 Qe6 28.Qe4 Rf8 29.Rxf8+ Kxf8
30.Qf3+ Kg7 31.h3 Qf6 32.Kh2 Qxf3 33.gxf3 Kf6 34.h4 Be3 35.Kh3 Bf4 36.Ne4+ Kf5
37.Nxc5 Be3 38.Na6 Bf2 39.Nxc7 Kf4 40.Kg2 Bxh4 41.Ne6+ Ke3 42.Nc5 Be7 43.Nd7 Kd4
44.Nb8 Kc5 45.b4+ Kxc4 46.Nxc6 Bd6 47.Nxa7 Kxb4 48.Kh3 Kc5 49.Kg4 Be7 50.a4 Bd8
51.Nb5  1/2-1/2

[Event "WY GU18 2012"]
[Site "Maribor SLO"]
[Date "2012.11.18"]
[Round "11.20"]
[White "Matlin,A"]
[Black "Bezkorovaina,M"]
[Result "1/2-1/2"]
[WhiteElo "2064"]
[BlackElo "2025"]

1.d4 Nf6 2.c4 d6 3.Nc3 g6 4.e4 Bg7 5.Nf3 O-O 6.Be2 Nbd7 7.O-O e5 8.Be3 c6
9.h3 exd4 10.Bxd4 Qc7 11.Qc2 a5 12.Rad1 Ne8 13.Bxg7 Kxg7 14.Qd2 a4 15.Nd4 Nc5
16.Qg5 Ra5 17.Qg3 Nf6 18.Bf3 Re8 19.Rfe1 Re5 20.Re3 Qb6 21.Rd2 Qc7  1/2-1/2

[Event "WY BU14 2012"]
[Site "Maribor SLO"]
[Date "2012.11.18"]
[Round "11.9"]
[White "Gu,Christopher"]
[Black "Azarya,J"]
[Result "0-1"]
[WhiteElo "2283"]
[BlackElo "2045"]

1.d4 Nf6 2.c4 g6 3.Nc3 Bg7 4.e4 d6 5.Nf3 O-O 6.Be2 Na6 7.O-O e5 8.Be3 Ng4
9.Bg5 Qe8 10.dxe5 dxe5 11.Qc1 c6 12.Rd1 f6 13.Bd2 f5 14.h3 Nf6 15.exf5 Bxf5
16.Bh6 e4 17.Nd4 Bxh6 18.Qxh6 Qe5 19.Qe3 c5 20.Nb3 Rae8 21.Rd2 b6 22.Rad1 Nc7
23.Nd5 Ncxd5 24.cxd5 Qd6 25.Na1 Bc8 26.Nc2 a6 27.Qc3 e3 28.Nxe3 Ne4 29.Nc4 Nxc3
30.Nxd6 Nxe2+ 31.Kf1 Ng3+ 32.Kg1 Ne2+ 33.Kf1 Nd4 34.Nxe8 Rxe8 35.Re1 Rxe1+
36.Kxe1 Bb7 37.d6 Kf7 38.f3 Ke6 39.Rd3 Kxd6 40.Kd2 Bd5 41.b3 a5 42.Re3 a4
43.bxa4 Bxa2 44.Re8 Bb3 45.Ra8 Kc6 46.Ra7 h5 47.a5 bxa5 48.Rxa5 Be6 49.Ra7 c4
50.Rg7 Bf5 51.Kc3 Kd5 52.g4 Ne2+ 53.Kd2 Bd3 54.gxh5 gxh5 55.h4 Nf4 56.Kc3 Ne6
57.Ra7 Nf4 58.Ra5+ Ke6 59.Kd4 Kf6 60.Ke3 Ng2+ 61.Kd4 Bf5 62.Kxc4 Nxh4 63.Kd4 Kg5
64.Ke3 Ng6 65.Kf2 h4 66.Kg2 Nf4+ 67.Kh2 Ne2 68.Ra4 Ng3 69.Kg2 Bd7 70.Rd4 Bc6
71.Rg4+ Kf6 72.Kh2 Ke6 73.Ra4 Kf6 74.Ra5  0-1